| 000 | 00615nam a22001697a 4500 | ||
|---|---|---|---|
| 003 | MACL | ||
| 005 | 20160722121408.0 | ||
| 008 | 160722b xxu||||| |||| 00| 0 eng d | ||
| 040 | _cMACL | ||
| 041 | _aHindi | ||
| 082 | _a920 BHU | ||
| 100 |
_aभुटटो, फातिमा _964934 |
||
| 245 |
_aदास्तां खून और शमशीर की _bएक बेटी की जुबानी _cफातिमा भुटटो |
||
| 260 |
_aनई दिल्ली _bयात्रा बुक्स _c2011 |
||
| 650 |
_aआत्म कथा _964935 |
||
| 942 |
_2ddc _cHIN |
||
| 999 |
_c54637 _d54637 |
||